| 000 | 01300nam a2200313 4500 | ||
|---|---|---|---|
| 005 | 20240530110414.0 | ||
| 008 | 150301s2010 su g b 000 0 ara d | ||
| 017 |
_a840/1427 _bالسعودية . مكتبة الملك فهد |
||
| 020 | _a9960664910 | ||
| 040 | _aEG-CaGPL | ||
| 041 | 0 | _aara | |
| 082 | 0 | 4 |
_221 _a362.76\ _bع آ |
| 100 | 0 | _aعبدالرحمن سيد سليمان | |
| 245 | 1 | 2 |
_aالاباء والعدوانية لدى الابناء : _bالعاديين وذوى الاحتياجات الخاصة / _cتاليف عبدالرحمن سيد سليمان ، ايهاب الببلاوى |
| 250 | _aط1 | ||
| 260 |
_aالرياض : _bدار الزهراء للنشر والتوزيع ، _c2010 |
||
| 300 |
_a310 ص ؛ _c24 سم |
||
| 504 | _aببليوجرافية : ص 285 - 310 | ||
| 650 | 0 | 4 |
_aالاطفال _xتربية |
| 650 | 0 | 4 | _aالاباء والابناء |
| 650 | 0 | 4 |
_aالاطفال _xرعاية |
| 650 | 0 | 4 | _aالعلاقات الاسرية |
| 650 | 0 | 4 |
_aالاطفال المعوقون _xتربية |
| 650 | 0 | 4 |
_aالاطفال _xالسلوك العدوانى |
| 650 | 0 | 4 |
_aالاطفال _xتربية _xالعدوانية |
| 700 | 0 |
_aايهاب الببلاوى _eمؤلف مشارك |
|
| 942 |
_2ddc _cBK |
||
| 999 |
_c60522 _d60522 |
||